| 000 | 01740nam a2200229Ia 4500 | ||
|---|---|---|---|
| 008 | 260220t2003||||xx |||||||||||||| ||spa|| | ||
| 040 |
_aPY-SlUNAC _bspa _erda |
||
| 041 | _aspa | ||
| 082 |
_a551.6 _bIns6r |
||
| 245 | 0 |
_aRespondiendo al desafío del cambio global en las Américas : _buna década de logros |
|
| 264 |
_aSao José dos Campos : _bIAI, _c℗2003. |
||
| 300 | _a1 volumen | ||
| 520 | _aEl libro "Respondiendo al desafío del cambio global en las Américas: una década de logros" se centra en los efectos del cambio global en la región americana y los esfuerzos realizados durante diez años para abordar estos desafíos. A través de una recopilación de estudios de caso, análisis y datos, los autores examinan cómo las políticas y acciones implementadas han impactado en la sostenibilidad ambiental, la economía y la cohesión social en diversas naciones. Se destacan iniciativas exitosas que han promovido la cooperación regional y la innovación en la gestión de recursos naturales, así como la importancia de la participación comunitaria en la toma de decisiones. El libro también reflexiona sobre los obstáculos persistentes, como la desigualdad y la falta de infraestructura adecuada, que limitan el progreso. En última instancia, se aboga por un enfoque integrado que contemple la interrelación entre los aspectos sociales, económicos y ambientales para enfrentar eficazmente los retos del cambio global en el continente americano. | ||
| 651 | _aAmérica Latina | ||
| 653 | _aCambio global | ||
| 653 | _aDesarrollo sostenible | ||
| 942 |
_b2026/02/17 _cBK |
||
| 999 |
_c8063 _d8063 |
||